Countries Visited by John F. Kennedy During His Presidency - Statistics

General Stats
  • This quiz has been taken 545 times
  • The average score is 8 of 12
Answer Stats
Country % Correct
Canada
96%
France
96%
United Kingdom
96%
West Germany
96%
Mexico
94%
Italy
86%
Ireland
76%
Austria
53%
Vatican City
43%
Colombia
35%
Venezuela
29%
Costa Rica
16%
No matching quizzes found
Score Distribution
Percent of People with Each Score
Percentile by Number Answered
Your Score History
You have not taken this quiz